Positions in Football - Statistics

General Stats
  • This quiz has been taken 72 times
  • The average score is 11 of 13
Answer Stats
Answer % Correct
Goalkeeper
100%
Left Wing
92%
Right Wing
92%
Left Back
91%
Right Back
91%
Center Back
88%
Striker
86%
Center Mid
81%
Attacking Mid
77%
Defending Mid
73%
Left Mid
73%
Right Mid
73%
Center Forward
72%
No matching quizzes found
Score Distribution
Percent of People with Each Score
Percentile by Number Answered
Your Score History
You have not taken this quiz